UNIVERSITY OF DELHI: A GLORIOUS JOURNEY 1922-2022 (Record no. 31456)

MARC details
000 -LEADER
fixed length control field 00316nam a22001337a 4500
003 - CONTROL NUMBER IDENTIFIER
control field SGT
020 ## - INTERNATIONAL STANDARD BOOK NUMBER
International Standard Book Number 9789395009034
082 ## - DEWEY DECIMAL CLASSIFICATION NUMBER
Classification number 080
Item number U22P
100 ## - MAIN ENTRY--PERSONAL NAME
Personal name PRADHAN, DHARMENDRA
245 ## - TITLE STATEMENT
Title UNIVERSITY OF DELHI: A GLORIOUS JOURNEY 1922-2022
260 ## - PUBLICATION, DISTRIBUTION, ETC. (IMPRINT)
Name of publisher, distributor, etc UNIVERSITY OF DELHI
Year of Publication 2022
300 ## - PAGE DESCRIPTION
No. of Pages 290
942 ## - ADDED ENTRY ELEMENTS (KOHA)
Source of classification or shelving scheme Dewey Decimal Classification
Koha item type Books
Holdings
Withdrawn status Lost status Source of classification or shelving scheme Damaged status Not for loan Home library Current library Shelving location Date acquired SGTU Total Checkouts Full call number Accession No. (Barcode) Date last seen Bill Date Koha item type
    Dewey Decimal Classification   Not For Loan SGT Chancellor's Library SGT Chancellor's Library Reference Book 17/06/2025 SGTU   080 U22P CH3463 17/06/2025 17/06/2025 Books